|
|
|
|
| LEADER |
00762nta a2200205 i 4500 |
| 001 |
dokt9030 |
| 005 |
20240126155335.0 |
| 008 |
240126s1968 hu om 000 hun d |
| 040 |
|
|
|a SZTE Doktori Repozitórium
|b hun
|
| 041 |
|
|
|a hun
|
| 100 |
2 |
|
|a Kiss Istvánné Kuthy Enikő
|
| 245 |
1 |
0 |
|a Konjugációs kísérletek E1 col faktort hordozó Escherichia coli törzsekkel
|h [elektronikus dokumentum] /
|c Kiss Istvánné Kuthy Enikő
|
| 260 |
|
|
|c 1968
|
| 502 |
|
|
|a Disszertacio
|
| 650 |
|
4 |
|a biológiai tudományok
|
| 650 |
|
4 |
|a Biológiai tudományok
|
| 650 |
|
4 |
|a Sejtbiológia, mikrobiológia
|
| 695 |
|
|
|a Mikrobiológia
|
| 700 |
0 |
1 |
|a Alföldi Lajos
|e ths
|
| 856 |
4 |
0 |
|u https://doktori.bibl.u-szeged.hu/id/eprint/9030/1/1968_kiss_istvanne_kuthy_eniko.pdf
|z Dokumentum-elérés
|